Fotografi

Bibliographic Details
Main Author: SUJANA Mohd Rejab
Format: Book
Published: Kuala Lumpur : Fajar Bakti , 1993
Series:Siri Hobi Fajar Bakti
Subjects:

MARC

LEADER 00000cam a2200000 7i4500
001 0000001175
002 000001297
005 20000330.0
020 |a 9676519170 
090 0 0 |a 770   |b SUJ 
100 0 |a SUJANA Mohd Rejab 
245 1 0 |a Fotografi   |c Sujana Mohd Rejab 
260 |a Kuala Lumpur :   |b Fajar Bakti ,   |c 1993 
300 |a 129p. :   |b ill. ;   |c 18cm. 
490 0 |a Siri Hobi Fajar Bakti 
650 0 0 |a Photography 
999 |a 029487   |b BUKU   |c PINJAMAN   |e PERPUSTAKAAN KOMUNITI PETALING JAYA 
999 |a 029488   |b BUKU   |c PINJAMAN   |e PERPUSTAKAAN KOMUNITI PETALING JAYA 
999 |a 029489   |b BUKU   |c PINJAMAN   |e PERPUSTAKAAN KOMUNITI PETALING JAYA